| 000 | 00780cam a22002291 4500 | ||
|---|---|---|---|
| 001 | e 50000028 | ||
| 003 | DLC | ||
| 005 | 20260227111234.0 | ||
| 008 | 880804s1950 alu 000 0 eng | ||
| 010 | _ae 50000028 | ||
| 035 | _a(OCoLC)18309786 | ||
| 040 |
_aDLC _cAU _dDLC |
||
| 042 | _apremarc | ||
| 050 | 0 | 0 |
_aL116 _b.B2 1950, no. 4 |
| 100 | 1 | _aCulp, D. P. | |
| 245 | 1 | 3 | _aAn administrator's handbook of school transportation. |
| 260 |
_aMontgomery, _bDept. of Education _c[1950] |
||
| 300 |
_aviii, 99 p. _c23 cm. |
||
| 501 |
_aWith: Better school buildings for Alabama / J. W. Letson. Montgomery : Dept. of Education, 1950. Bound together subsequent to publication. _5DLC |
||
| 504 | _aBibliography: p. [89]-99. | ||
| 650 | 0 |
_aSchool children _xTransportation _zAlabama. |
|
| 999 |
_c22132 _d22132 |
||